Statistics for Classic Sonic Zones

Click here to take the quiz!

General Stats

  • This quiz has been taken 879 times
  • The average score is 26 of 44

Answer Stats

GameZone/Round% Correct
Sonic the HedgehogGreen Hill
99%
Sonic the HedgehogMarble
89%
Sonic the Hedgehog 2Chemical Plant
85%
Sonic the Hedgehog 2Emerald Hill
84%
Sonic & KnucklesDeath Egg
77%
Sonic the Hedgehog 2Death Egg
77%
Sonic the Hedgehog 3Angel Island
74%
Sonic the Hedgehog 2Casino Night
74%
Sonic the HedgehogLabyrinth
74%
Sonic the HedgehogStar Light
74%
Sonic the HedgehogFinal
72%
Sonic & KnucklesMushroom Hill
72%
Sonic the HedgehogScrap Brain
72%
Sonic the HedgehogSpring Yard
71%
Sonic the Hedgehog 2Hill Top
69%
Sonic the Hedgehog 3Hydrocity
67%
Sonic the Hedgehog 2Oil Ocean
67%
Sonic the Hedgehog 2Metropolis
66%
Sonic the Hedgehog 2Aquatic Ruin
63%
Sonic the Hedgehog 2Mystic Cave
63%
Sonic & KnucklesFlying Battery
62%
Sonic the Hedgehog 3IceCap
62%
Sonic the Hedgehog 3Carnival Night
60%
Sonic the Hedgehog 2Sky Chase
60%
Sonic & KnucklesSky Sanctuary
60%
Sonic CDPalmtree Panic
59%
Sonic the Hedgehog 3Marble Garden
58%
Sonic CDStardust Speedway
58%
Sonic & KnucklesLava Reef
57%
Sonic & KnucklesSandopolis
57%
Sonic the Hedgehog 3Launch Base
55%
Sonic the Hedgehog 2Wing Fortress
53%
Sonic & KnucklesHidden Palace
51%
Sonic CDMetallic Madness
51%
Sonic CDWacky Workbench
51%
Sonic & KnucklesThe Doomsday
48%
Sonic CDCollision Chaos
45%
Sonic CDTidal Tempest
43%
Sonic CDQuartz Quadrant
42%
Sonic 3 & KnucklesAzure Lake
23%
Sonic 3 & KnucklesBalloon Park
22%
Sonic 3 & KnucklesChrome Gadget
21%
Sonic 3 & KnucklesEndless Mine
21%
Sonic 3 & KnucklesDesert Palace
16%

Score Distribution

Percentile by Number Answered

Percent of People with Each Score

Your Score History

You have not taken this quiz